[Event "Berlin Kreuzberg op"]
[Site "Berlin"]
[Date "2016.07.18"]
[Round "3"]
[White "Sidabras, Jonas"]
[Black "Welz, Peter"]
[Result "1-0"]
[WhiteElo "1953"]
[BlackElo "2101"]
[PlyCount "119"]
[EventDate "2016.07.16"]
[EventType "swiss"]
[EventRounds "9"]
[EventCountry "GER"]
[SourceTitle "CBM 173 Extra"]
[Source "ChessBase"]
[SourceDate "2016.08.29"]
[SourceVersion "1"]
[SourceVersionDate "2016.08.29"]
[SourceQuality "1"]

1. d4 f5 2. g3 Nf6 3. Bg2 g6 4. c3 c6 5. Nh3 d6 6. Qb3 Qb6 7. Qc2 e5 8. dxe5 dxe5 9. Be3 Qc7 10. Qb3 Na6 11. Ng5 Ng4 12. Ne6 Qf7 13. Nxf8 Qxb3 14. axb3 Nxe3 15. fxe3 Kxf8 16. 0-0 Nc5 17. b4 Ne6 18. Ra5 Kg7 19. Rxe5 Rd8 20. e4 Nf8 21. exf5 gxf5 22. e4 Ng6 23. Rc5 fxe4 24. Bxe4 Bh3 25. Bg2 Bxg2 26. Kxg2 Rd3 27. Rcf5 Rf8 28. Rxf8 Nxf8 29. Na3 Ne6 30. Nc4 b5 31. Ne5 Rd2+ 32. Rf2 Rxf2+ 33. Kxf2 c5 34. bxc5 Nxc5 35. Ke3 Kf6 36. Nc6 a6 37. b4 Ne6 38. Nb8 Nc7 39. Kd4 Ke7 40. Kc5 Kd8 41. Kc6 Kc8 42. Nd7 Ne6 43. Nb6+ Kb8 44. Nd5 Ka7 45. Nf6 h6 46. h4 Ng7 47. g4 Ne6 48. Ng8 Nd8+ 49. Kd7 Nf7 50. Ke7 Ne5 51. Nxh6 Ng6+ 52. Kf6 Nxh4 53. g5 a5 54. bxa5 Ka6 55. Nf5 Ng2 56. Ke5 Ne1 57. g6 Nd3+ 58. Ke4 Nc5+ 59. Kd5 Nd7 60. g7 1-0

[Event "LTU-ch sf"]
[Site "Vilnius"]
[Date "2016.03.07"]
[Round "2"]
[White "Sidabras, Jonas"]
[Black "Steponavicius, Stasys"]
[Result "0-1"]
[WhiteElo "1949"]
[BlackElo "2207"]
[PlyCount "92"]
[EventDate "2016.03.06"]
[EventType "swiss"]
[EventRounds "8"]
[EventCountry "LTU"]
[SourceTitle "CBM 171 Extra"]
[Source "ChessBase"]
[SourceDate "2016.04.26"]
[SourceVersion "1"]
[SourceVersionDate "2016.04.26"]
[SourceQuality "1"]

1. d4 Nf6 2. c4 e6 3. g3 d5 4. Bg2 c6 5. Nf3 Be7 6. Nc3 0-0 7. Nd2 Nbd7 8. 0-0 b6 9. e4 dxc4 10. d5 Ne5 11. dxc6 Rb8 12. Nb5 Nxc6 13. Nxc4 e5 14. Qc2 Bg4 15. f3 Be6 16. Be3 Nb4 17. Qe2 a6 18. Nc3 Qc7 19. Na3 Rfd8 20. Rfd1 b5 21. Bf1 Rxd1 22. Rxd1 Nxa2 23. Nxa2 Bxa2 24. Rc1 Qb7 25. Qc2 Be6 26. Qc7 Qxc7 27. Rxc7 Kf8 28. Rc6 Bc8 29. Kf2 Ke8 30. Nc2 Bb7 31. Rc7 Bd6 32. Rc3 Rc8 33. Rxc8+ Bxc8 34. Ne1 Kd7 35. Nd3 Kc6 36. Ke2 Be6 37. Bg2 Nd7 38. f4 f6 39. Kd2 a5 40. Kc3 b4+ 41. Kc2 a4 42. Bd2 Kb5 43. f5 Bc4 44. Nc1 Nc5 45. g4 Nb3 46. Bf3 Nd4+ 0-1

[Event "LTU-ch sf"]
[Site "Vilnius"]
[Date "2016.03.07"]
[Round "3"]
[White "Vaskevicius, Augustas"]
[Black "Sidabras, Jonas"]
[Result "0-1"]
[WhiteElo "1753"]
[BlackElo "1949"]
[PlyCount "126"]
[EventDate "2016.03.06"]
[EventType "swiss"]
[EventRounds "8"]
[EventCountry "LTU"]
[SourceTitle "CBM 171 Extra"]
[Source "ChessBase"]
[SourceDate "2016.04.26"]
[SourceVersion "1"]
[SourceVersionDate "2016.04.26"]
[SourceQuality "1"]

1. c4 c6 2. Nc3 d5 3. cxd5 cxd5 4. Nf3 Nf6 5. g3 Nc6 6. d3 Bf5 7. Bg2 h6 8. 0-0 e6 9. b3 Be7 10. Bb2 0-0 11. Rc1 Rc8 12. Qd2 a6 13. Na4 Bb4 14. Bc3 Ba3 15. Bb2 Bb4 16. Bc3 Be7 17. Nd4 Bh7 18. Nxc6 Rxc6 19. Bb4 Bxb4 20. Qxb4 Qc7 21. Rxc6 Qxc6 22. Qc5 Qxc5 23. Nxc5 Rc8 24. b4 Bg6 25. a4 a5 26. Nxb7 axb4 27. Rb1 Rc2 28. Bf1 Nd7 29. a5 Ra2 30. Rxb4 Ne5 31. f3 Nc6 32. Rb6 Nd4 33. a6 Bxd3 34. a7 Nxe2+ 35. Bxe2 Bxe2 36. Na5 Rxa5 37. Rb8+ Kh7 38. a8Q Rxa8 39. Rxa8 Bxf3 40. Kf2 Be4 41. Ke3 g5 42. Ra6 h5 43. h4 Kg6 44. Ra8 gxh4 45. gxh4 Kf6 46. Ra1 e5 47. Rf1+ Bf5 48. Ra1 Be4 49. Rf1+ Ke6 50. Ra1 Bg6 51. Rg1 d4+ 52. Kf3 Bf5 53. Rg5 Bg4+ 54. Ke4 f5+ 55. Kd3 Kd5 56. Rg8 e4+ 57. Kd2 Ke5 58. Rd8 Bf3 59. Rd7 e3+ 60. Kd3 Be4+ 61. Ke2 f4 62. Re7+ Kf5 63. Rf7+ Kg4 0-1

[Event "Berlin Lichtenberger op 14th"]
[Site "Berlin"]
[Date "2015.08.15"]
[Round "1"]
[White "Sidabras, Jonas"]
[Black "Dittrich, Hans Juergen"]
[Result "1-0"]
[WhiteElo "1819"]
[BlackElo "1401"]
[PlyCount "35"]
[EventDate "2015.08.15"]
[EventType "swiss"]
[EventRounds "9"]
[EventCountry "GER"]
[SourceTitle "EXT 2016"]
[Source "ChessBase"]
[SourceDate "2015.10.08"]
[SourceVersion "1"]
[SourceVersionDate "2015.10.08"]
[SourceQuality "1"]

1. d4 d5 2. Nf3 Nc6 3. c4 e6 4. Nc3 Bb4 5. a3 Bxc3+ 6. bxc3 Nf6 7. Bg5 h6 8. Bh4 g5 9. Bg3 Ne4 10. Qc2 Nxg3 11. hxg3 f5 12. g4 Qf6 13. gxf5 Qxf5 14. Qxf5 exf5 15. cxd5 Na5 16. Nxg5 Bd7 17. e3 0-0-0 18. Nf7 1-0

[Event "Klaipeda Sea op-A 12th"]
[Site "Klaipeda"]
[Date "2015.07.29"]
[Round "3"]
[White "Sidabras, Jonas"]
[Black "Buivydas, Skirmantas"]
[Result "1-0"]
[WhiteElo "1819"]
[BlackElo "1790"]
[PlyCount "87"]
[EventDate "2015.07.27"]
[EventType "swiss"]
[EventRounds "7"]
[EventCountry "LTU"]
[SourceTitle "CBM 167 Extra"]
[Source "ChessBase"]
[SourceDate "2015.09.14"]
[SourceVersion "1"]
[SourceVersionDate "2015.09.14"]
[SourceQuality "1"]

1. d4 Nf6 2. Nf3 e6 3. c4 c5 4. Nc3 cxd4 5. Nxd4 d5 6. e3 Be7 7. cxd5 exd5 8. Bb5+ Bd7 9. Qd3 0-0 10. Bxd7 Qxd7 11. 0-0 Nc6 12. Rd1 Rfd8 13. a3 Rac8 14. Nxc6 Qxc6 15. Nb5 Qb6 16. b4 Ne4 17. Bb2 a6 18. Nc3 Nf6 19. Rac1 Rc7 20. Na4 Qd6 21. Rxc7 Qxc7 22. Rc1 Qd6 23. Nc5 Qb8 24. h3 h6 25. Qd4 Ne8 26. Qg4 Bf6 27. Bxf6 Nxf6 28. Qd4 Rc8 29. Rc3 Rc6 30. Na4 Rc4 31. Rxc4 dxc4 32. Nb6 c3 33. Qxc3 Qd6 34. Qc8+ Kh7 35. Qxb7 Qd1+ 36. Kh2 Qd6+ 37. g3 Qd3 38. Qxf7 Qxa3 39. Nd7 Nxd7 40. Qxd7 Qxb4 41. Qd3+ Kg8 42. Qxa6 Qd2 43. Qe6+ Kh8 44. Qf5 1-0

[Event "Klaipeda Sea op-A 12th"]
[Site "Klaipeda"]
[Date "2015.07.28"]
[Round "2"]
[White "Zebelis, Rimantas"]
[Black "Sidabras, Jonas"]
[Result "0-1"]
[WhiteElo "1761"]
[BlackElo "1819"]
[PlyCount "176"]
[EventDate "2015.07.27"]
[EventType "swiss"]
[EventRounds "7"]
[EventCountry "LTU"]
[SourceTitle "CBM 167 Extra"]
[Source "ChessBase"]
[SourceDate "2015.09.14"]
[SourceVersion "1"]
[SourceVersionDate "2015.09.14"]
[SourceQuality "1"]

1. d4 d5 2. c4 c6 3. Nc3 Nf6 4. Nf3 dxc4 5. a4 Bf5 6. e3 e6 7. Bxc4 Bb4 8. 0-0 Nbd7 9. Qe2 0-0 10. e4 Bg6 11. Bg5 Bxc3 12. bxc3 Bxe4 13. Ne5 Qa5 14. Nxd7 Nxd7 15. Be7 Rfe8 16. Bb4 Qf5 17. f3 Bd5 18. Bd3 Qf6 19. f4 c5 20. dxc5 a5 21. Ba3 Qxc3 22. Qe3 Qf6 23. Rab1 Rac8 24. Rfc1 Qh6 25. Qd2 Bc6 26. Bb5 Nf6 27. Bxc6 bxc6 28. Bb2 Red8 29. Qf2 Ne4 30. Qe3 Nd2 31. Ra1 Rb8 32. Be5 Rb3 33. Rc3 Nc4 34. Qf3 Nxe5 35. fxe5 Rxc3 36. Qxc3 Qd2 37. Qxd2 Rxd2 38. Rb1 Kf8 39. Rb6 Rd5 40. Rxc6 Rxe5 41. Rc8+ Ke7 42. Rc7+ Kf6 43. c6 Re4 44. Ra7 Rxa4 45. c7 Rc4 46. Rxa5 Rxc7 47. Ra2 g5 48. Kf2 Rc3 49. h3 h5 50. Ra4 Rd3 51. Rb4 Kg6 52. Ke2 Ra3 53. Rc4 f5 54. Rc8 h4 55. Re8 Kf6 56. Rb8 g4 57. hxg4 fxg4 58. Rg8 Kf5 59. Rf8+ Ke4 60. Rb8 h3 61. Rb4+ Kf5 62. gxh3 Rxh3 63. Rb8 Ra3 64. Kf2 e5 65. Kf1 Ke4 66. Rg8 Rf3+ 67. Ke2 Re3+ 68. Kf2 g3+ 69. Kg2 Rf3 70. Ra8 Rd3 71. Rf8 Rc3 72. Rg8 Rd3 73. Rf8 Kd4 74. Rc8 e4 75. Ra8 Kc3 76. Ra4 Re3 77. Ra8 Rd3 78. Ra7 Kd4 79. Ra8 Kc4 80. Rc8+ Kd4 81. Ra8 Ke3 82. Kxg3 Ke2+ 83. Kf4 e3 84. Ra2+ Kf1 85. Ke4 Rd2 86. Ra8 e2 87. Rf8+ Ke1 88. Rh8 Kd1 0-1

[Event "EU-ch U16 24th"]
[Site "Batumi"]
[Date "2014.10.22"]
[Round "4"]
[White "Sidabras, Jonas"]
[Black "Grigoriadis, Mihail"]
[Result "0-1"]
[WhiteElo "1828"]
[BlackElo "2108"]
[PlyCount "62"]
[EventDate "2014.10.19"]
[EventType "swiss"]
[EventRounds "9"]
[EventCountry "GEO"]
[SourceTitle "EXT 2015"]
[Source "ChessBase"]
[SourceDate "2014.11.20"]
[SourceVersion "1"]
[SourceVersionDate "2014.11.20"]
[SourceQuality "1"]

1. d4 Nf6 2. c4 g6 3. Nc3 d5 4. cxd5 Nxd5 5. e4 Nxc3 6. bxc3 c5 7. Be3 Bg7 8. Nf3 Nc6 9. Rb1 0-0 10. Qd2 cxd4 11. cxd4 Bg4 12. d5 Bxf3 13. gxf3 Ne5 14. Be2 Qc8 15. 0-0 Qh3 16. Bd4 f5 17. Bxe5 Bxe5 18. f4 Qh6 19. h3 Rac8 20. Rb3 Bxf4 21. Qd4 Qg5+ 22. Kh1 Rc2 23. d6 e5 24. Qd5+ Kg7 25. Rxb7+ Kh6 26. Bd1 Qh4 27. Qb3 Rxf2 28. Rxf2 Qxf2 29. Rxh7+ Kxh7 30. Qb7+ Kh6 31. Qe7 Qf1# 0-1

[Event "Klaipeda Sea op-A 10th"]
[Site "Klaipeda"]
[Date "2013.07.28"]
[Round "7"]
[White "Sidabras, Jonas"]
[Black "Dambrauskas, Algirdas"]
[Result "1-0"]
[WhiteElo "1652"]
[BlackElo "1623"]
[PlyCount "119"]
[EventDate "2013.07.22"]
[EventType "swiss"]
[EventRounds "7"]
[EventCountry "LTU"]
[SourceTitle "CBM 155 Extra"]
[Source "ChessBase"]
[SourceDate "2013.08.26"]
[SourceVersion "1"]
[SourceVersionDate "2013.08.26"]
[SourceQuality "1"]

1. d4 Nf6 2. Bg5 Ne4 3. Bf4 d5 4. e3 e6 5. Bd3 Be7 6. Ne2 Bd6 7. Bxe4 Bxf4 8. Nxf4 dxe4 9. Nd2 b6 10. 0-0 Bb7 11. Qg4 Qf6 12. Ne2 Qg6 13. Qf4 Na6 14. Nc3 Qf5 15. Ncxe4 Qxf4 16. exf4 Nb4 17. Rfc1 Rc8 18. a3 Nd5 19. g3 0-0 20. Rd1 Ne7 21. Ng5 Rfd8 22. c3 h6 23. Ngf3 c5 24. dxc5 Rxc5 25. Nd4 Rcd5 26. N2b3 Ba6 27. Rd2 Bc4 28. Rad1 a5 29. Nc1 a4 30. Nf3 Nc6 31. Rxd5 Rxd5 32. Rxd5 exd5 33. Ne5 Na5 34. Nxc4 Nxc4 35. Nd3 f6 36. Nb4 Nxb2 37. Nxd5 Nc4 38. Kf1 Kf7 39. f5 Ke8 40. Ke2 Kd7 41. Kd3 b5 42. Nf4 Nxa3 43. Nh5 Nc4 44. Kc2 Kd6 45. Nxg7 Nb6 46. Ne8+ Ke5 47. g4 Nd5 48. h3 Kf4 49. Nd6 Nc7 50. Nf7 Nd5 51. Nxh6 a3 52. Kb3 a2 53. Kxa2 Nxc3+ 54. Kb3 Ne4 55. h4 Nxf2 56. h5 Nh3 57. Nf7 Ng5 58. Nxg5 Kxg5 59. Kb4 Kh6 60. Kxb5 1-0

[Event "EU-ch rapid"]
[Site "Warsaw"]
[Date "2012.12.15"]
[Round "1"]
[White "Sidabras, Jonas"]
[Black "Popov, Valerij"]
[Result "0-1"]
[WhiteElo "1628"]
[BlackElo "2557"]
[PlyCount "116"]
[EventDate "2012.12.15"]
[EventType "swiss (rapid)"]
[EventRounds "11"]
[EventCountry "POL"]
[SourceTitle "EXT 2014"]
[Source "ChessBase"]
[SourceDate "2013.11.20"]
[SourceVersion "1"]
[SourceVersionDate "2013.11.20"]
[SourceQuality "1"]

1. d4 Nf6 2. c4 e6 3. Nf3 d5 4. cxd5 exd5 5. Nc3 c6 6. Bg5 h6 7. Bh4 Bb4 8. a3 Bxc3+ 9. bxc3 Qa5 10. Qb3 Ne4 11. Rc1 Nd7 12. Qb4 Qxb4 13. cxb4 a5 14. e3 Nd6 15. Bg3 Nc4 16. Bxc4 dxc4 17. Rxc4 axb4 18. Rxb4 Rxa3 19. 0-0 f6 20. Bd6 Kf7 21. Rfb1 Ra7 22. Nd2 Re8 23. Nb3 Re6 24. Bg3 b6 25. Nc1 c5 26. dxc5 bxc5 27. R4b2 Rea6 28. Kf1 Ke6 29. Ke2 Ra3 30. Nd3 Ba6 31. Rb3 Bc4 32. Rxa3 Rxa3 33. Rd1 Nb6 34. e4 Na4 35. Rd2 Rxd3 36. Rxd3 Nb2 37. f4 Bxd3+ 38. Ke3 g6 39. Be1 Bf1 40. Bc3 Na4 41. Bd2 Bxg2 42. e5 fxe5 43. fxe5 g5 44. Kf2 Bd5 45. h4 gxh4 46. Bxh6 Kxe5 47. Bg5 h3 48. Kg3 Be6 49. Bf4+ Ke4 50. Bd6 c4 51. Bf8 c3 52. Bh6 c2 53. Bf4 h2 54. Kxh2 Kxf4 55. Kg2 c1Q 56. Kf2 Qd2+ 57. Kg1 Kg3 58. Kf1 Qf2# 0-1

[Event "LTU-ch"]
[Site "Nemencine"]
[Date "2011.04.30"]
[Round "9"]
[White "Galuscak, Viktoras"]
[Black "Sidabras, Jonas"]
[Result "0-1"]
[WhiteElo "1804"]
[BlackElo "1594"]
[PlyCount "46"]
[EventDate "2011.04.25"]
[EventType "swiss"]
[EventRounds "9"]
[EventCountry "LTU"]
[SourceTitle "CBM 142 Extra"]
[Source "ChessBase"]
[SourceDate "2011.06.27"]
[SourceVersion "1"]
[SourceVersionDate "2011.06.27"]
[SourceQuality "1"]

1. e4 e6 2. d4 d5 3. Nc3 dxe4 4. Nxe4 Bd7 5. Ne2 Bc6 6. N2g3 Nd7 7. f3 Be7 8. Be3 Ngf6 9. Qd2 Nxe4 10. Nxe4 Bxe4 11. fxe4 Nf6 12. Bd3 Qd7 13. 0-0-0 0-0-0 14. Qa5 Kb8 15. d5 b6 16. dxe6 Qxe6 17. Qa6 Bd6 18. Rhf1 h6 19. Rf5 Ng4 20. Ra5 Nxe3 21. Qxa7+ Kc8 22. Bb5 Qxe4 23. Rd5 Qxc2# 0-1

[Event "LTU-ch U16"]
[Site "Siauliai"]
[Date "2011.03.18"]
[Round "3.7"]
[White "Sidabras, Jonas"]
[Black "Miknevicius, Laurynas"]
[Result "1/2-1/2"]
[WhiteElo "1594"]
[BlackElo "1804"]
[PlyCount "105"]
[EventDate "2011.03.17"]
[EventType "swiss"]
[EventRounds "7"]
[EventCountry "LTU"]
[SourceTitle "EXT 2024"]
[Source "ChessBase"]
[SourceDate "2023.10.10"]
[SourceVersion "1"]
[SourceVersionDate "2023.10.10"]
[SourceQuality "1"]

1. d4 d5 2. c4 e6 3. cxd5 exd5 4. Nc3 Nf6 5. Bg5 c6 6. e3 Bf5 7. Nf3 Nbd7 8. Bd3 Bxd3 9. Qxd3 Be7 10. 0-0 0-0 11. Rab1 Ne4 12. Bxe7 Qxe7 13. b4 Nxc3 14. Qxc3 a6 15. a4 Nb6 16. Qb3 Nc4 17. b5 cxb5 18. axb5 a5 19. Rfd1 Rac8 20. b6 Rc6 21. Qa4 Ra8 22. Qa2 Rxb6 23. Rxb6 Nxb6 24. Ne5 f6 25. Nd3 Nc4 26. Nf4 Qe4 27. Qb3 b6 28. Re1 g5 29. Nh5 Kf7 30. Qb5 Qe6 31. Qb1 Qe4 32. Qb5 Rd8 33. Qc6 Qe6 34. Qc7+ Qd7 35. Qg3 Nd6 36. f4 Ne4 37. Qf3 g4 38. Qe2 Qf5 39. Ng3 Nxg3 40. hxg3 Rc8 41. Qa6 Rc2 42. e4 Qe6 43. Qb7+ Kg8 44. f5 Qc6 45. Qe7 Rc1 46. exd5 Rxe1+ 47. Qxe1 Qxd5 48. Qe8+ Kg7 49. Qe7+ Qf7 50. Qe2 h5 51. Qb5 Qc7 52. Qe8 Qf7 53. Qb5 1/2-1/2